000 01005nam a22002177a 4500
008 160806s2007 pe||||| |||| 00| 0 spa d
082 0 4 _a708
_bB942i
100 _aBuntinx, Gustavo.
_9168
245 1 3 _aLo impuro y lo contaminado :
_bpulsiones (neo)barrocas en las rutas de micromuseo ("al fondo hay sitio") /
_ccuraduría por Gustavo Buntinx.
250 _a1a ed.
260 _aLima, Perú :
_bMicromuseo,
_c2007.
300 _a67 p.
500 _aEste catálogo fue publicado junto a la presentación de Micromuseo ("al fondo hay sitio") en el proyecto "Otras contemporaneidades. Convivencias conflictivas", curado por Ticio escobar y Kevin Power para el Encuentro entre dos Mares, Bienal de Sao Paulo - Valencia, realizado en Valencia y Sagunto entre marzo y junio de 2007.
653 1 0 _aArte contemporáneo
653 1 0 _aArte - Perú
653 1 0 _aCatálogo de exhibición
653 1 0 _aExhibiciones
653 1 0 _aPintura
653 1 0 _aInstalaciones
653 1 0 _aBienal de Sao Paulo - Valencia.
999 _c999
_d999